Ethics: philosophical perspectives, Vol.18, 2004 (Record no. 42531)

MARC details
000 -LEADER
fixed length control field 00701nam a2200205 a 4500
008 - FIXED-LENGTH DATA ELEMENTS--GENERAL INFORMATION
fixed length control field 120416s2004 ||||||||||||||||| || u
020 ## - INTERNATIONAL STANDARD BOOK NUMBER
International Standard Book Number 1405119713
050 ## - LIBRARY OF CONGRESS CALL NUMBER
Classification number BJ 1480 Phi
100 ## - MAIN ENTRY--PERSONAL NAME
Personal name Hawthorne, John
245 10 - TITLE STATEMENT
Title Ethics: philosophical perspectives, Vol.18, 2004
Statement of responsibility, etc. edited by John Hawthorne
260 ## - PUBLICATION, DISTRIBUTION, ETC.
Place of publication, distribution, etc. Oxford
Name of publisher, distributor, etc. Blackwell
Date of publication, distribution, etc. 2004
300 ## - PHYSICAL DESCRIPTION
Extent vi, 426p.
350 ## - PRICE (NR) (BK AM CF MU VM SE) [OBSOLETE]
Price 0.00
490 ## - SERIES STATEMENT
Series statement Philosophical perspectives, 1520-8583
490 ## - SERIES STATEMENT
Volume/sequential designation 18
500 ## - GENERAL NOTE
General note Bibliography
650 ## - SUBJECT ADDED ENTRY--TOPICAL TERM
Topical term or geographic name entry element PHILOSOPHY
650 #0 - SUBJECT ADDED ENTRY--TOPICAL TERM
Topical term or geographic name entry element ETHICS
995 ## - RECOMMENDATION 995 [LOCAL, UNIMARC FRANCE]
-- 0.00
-- CBU-MAIN LIBRARY (Kitwe)
-- 1
-- 31.00
-- 1
-- AVAILABLE
-- Jun 28, 2006
-- Main Library Open Access Collection
Holdings
Withdrawn status Lost status Source of classification or shelving scheme Damaged status Not for loan Home library Current library Shelving location Date acquired Total Checkouts Full call number Barcode Date last seen Price effective from Koha item type
          CBU-MAIN LIBRARY, KITWE. CBU-MAIN LIBRARY, KITWE.   11/30/2022   BJ 1480 Phi 40655 11/30/2022 11/30/2022 MONOGRAPH